000 00698nam a2200181Ia 4500
008 090124s9999 xx 000 0 und d
082 _b29366
_a1834
100 _aगाडगीळ गंगाधर
245 _a बाबांचं कलिंगड आणि मुलीचा स्वेटर
250 _a1
260 _c1997
300 _a160
600 _aगाडगीळ गंगाधर
630 _a बाबांचं कलिंगड आणि मुलीचा स्वेटर
700 _aगाडगीळ गंगाधर
730 _a बाबांचं कलिंगड आणि मुलीचा स्वेटर
942 _cBOOK
999 _c142820
_d142820